|
|
|
|
| LEADER |
01978nam a2200481 a 4500 |
| 001 |
nkc20102130233 |
| 003 |
CZ PrNK |
| 005 |
20101109094220.0 |
| 007 |
ta |
| 008 |
101007s2010 xr a e p 001 0 cze |
| 015 |
|
|
|a cnb002130233
|
| 020 |
|
|
|a 978-80-87240-32-8
|q (brož.)
|
| 035 |
|
|
|a (OCoLC)693933167
|
| 040 |
|
|
|a OLA001
|b cze
|d BOA001
|d ABA001
|
| 072 |
|
7 |
|a 004
|x Počítačová věda. Výpočetní technika. Informační technologie
|2 Konspekt
|9 23
|
| 072 |
|
7 |
|a 37.016
|x Učební osnovy. Vyučovací předměty. Učebnice
|2 Konspekt
|9 22
|
| 080 |
|
|
|a 001.89
|2 MRF
|
| 080 |
|
|
|a 004-027.22
|2 MRF
|
| 080 |
|
|
|a 004.62
|2 MRF
|
| 080 |
|
|
|a 004.9
|2 MRF
|
| 080 |
|
|
|a (07)
|2 MRF
|
| 100 |
1 |
|
|a Bártek, Květoslav
|7 mzk2010603397
|4 aut
|
| 245 |
1 |
0 |
|a Výpočetní technika a specializované programy pro podporu VaV činností II /
|c Květoslav Bártek
|
| 260 |
|
|
|a Olomouc :
|b Moravská vysoká škola Olomouc,
|c 2010
|
| 300 |
|
|
|a 57 s. ;
|c 30 cm
|
| 500 |
|
|
|a Distribuováno ve společném kartonovém pouzdru spolu s dalšími 24 publikacemi pod názvem Aplikovatelný systém dalšího vzdělávání ve vědě a výzkumu : CZ.1.07/2.3.00/09.0134
|
| 504 |
|
|
|a Obsahuje bibliografie a bibliografické odkazy
|
| 650 |
0 |
7 |
|a výzkum a vývoj
|7 ph472862
|2 czenas
|
| 650 |
0 |
7 |
|a počítačová podpora
|7 ph218890
|2 czenas
|
| 650 |
0 |
7 |
|a zpracování dat
|7 ph127675
|2 czenas
|
| 650 |
0 |
7 |
|a aplikační software
|7 ph118539
|2 czenas
|
| 650 |
0 |
9 |
|a research and development
|2 eczenas
|
| 650 |
0 |
9 |
|a computer aid
|2 eczenas
|
| 650 |
0 |
9 |
|a data processing
|2 eczenas
|
| 650 |
0 |
9 |
|a application software
|2 eczenas
|
| 655 |
|
7 |
|a učební texty
|7 fd133599
|2 czenas
|
| 655 |
|
9 |
|a educational texts
|2 eczenas
|
| 740 |
0 |
2 |
|a Aplikovatelný systém dalšího vzdělávání ve vědě a výzkumu
|
| 910 |
2 |
|
|a BOA001
|b 4-1251.277
|
| 990 |
|
|
|a BK
|
| 995 |
|
|
|a 01
|
| 991 |
|
|
|b 201010
|c NOV
|e n
|
| 996 |
6 |
|
|b 2610449640
|c 4-1251.277
|l MZK
|r Sklad / do 1 hodiny
|n 0
|p p.v.
|w 001150336
|u 000010
|a 1
|e BOA001
|j MZK50
|s P
|